[Event "Oakham Young Masters"]
[Site "Oakham"]
[Date "1988.04.01"]
[Round "5.16"]
[White "Hennigan, Michael"]
[Black "Stefansson, Hannes Hlifar"]
[Result "0-1"]
[WhiteElo "2300"]
[BlackElo "2395"]
[EventDate "1988.03.28"]
[PlyCount "102"]
[Source "John Saunders"]

1.e4 d5 2.exd5 Nf6 3.c4 e6 4.dxe6 Bxe6 5.Nf3 Nc6 6.d4 Bb4+ 7.Nc3 Ne4 8.Bd2
Nxd2 9.Qxd2 Qe7 10.O-O-O O-O-O 11.a3 Bc5 12.d5 Bg4 13.Re1 Qf8 14.b4 Bxf3 
15.bxc5 Bh5 16.Qe3 Na5 17.Qh3+ Kb8 18.Qxh5 Qxc5 19.Qe2 Nb3+ 20.Kb2 Nd4 21.
Qd1 c6 22.Qa4 cxd5 23.Qb4 Qc7 24.cxd5 Rxd5 25.Bd3 Rd6 26.Ka2 Rhd8 27.Nb5 
Nxb5 28.Bxb5 a6 29.Bc4 a5 30.Qb3 Rb6 31.Bb5 a4 32.Qc4 Rxb5 33.Qxb5 Rd2+ 
34.Qb2 Qc4+ 35.Ka1 Rxb2 36.Kxb2 Qb3+ 37.Ka1 Qxa3+ 38.Kb1 Ka7 39.Re3 Qb4+ 
40.Ka1 Ka6 41.Rb1 Qd4+ 42.Ka2 b5 43.Ra3 Qxf2+ 44.Rb2 Qd4 45.Rc2 f5 46.h3 
g6 47.Kb1 Ka5 48.Rac3 Kb4 49.Rf3 Qe4 50.Kc1 a3 51.Rcf2 Qe1+ 0-1

[Event "Oakham Young Masters"]
[Site "Oakham"]
[Date "1988.04.01"]
[Round "5.17"]
[White "Badulescu, Cristina"]
[Black "Gdanski, Jacek"]
[Result "0-1"]
[WhiteElo "2255"]
[BlackElo "2355"]
[EventDate "1988.03.28"]
[PlyCount "40"]
[Source "John Saunders"]

1.Nf3 g6 2.e4 Bg7 3.Bc4 d6 4.O-O Nf6 5.Nc3 O-O 6.d3 c6 7.h3 b5 8.Bb3 Nbd7 
9.a3 a5 10.d4 Qc7 11.Qe2 Ba6 12.Qe3 b4 13.axb4 Bxf1 14.Kxf1 axb4 15.Rxa8 
Rxa8 16.Ne2 e6 17.g4 Nb6 18.Ng3 c5 19.c3 cxd4 20.Nxd4 bxc3 0-1

[Event "Oakham Young Masters"]
[Site "Oakham"]
[Date "1988.04.01"]
[Round "5.18"]
[White "Bruk, Ofer"]
[Black "Morris, Philip"]
[Result "1-0"]
[WhiteElo "2340"]
[BlackElo "2200"]
[EventDate "1988.03.28"]
[PlyCount "107"]
[Source "John Saunders"]

1.Nf3 Nf6 2.c4 c5 3.Nc3 e6 4.g3 Be7 5.Bg2 O-O 6.O-O d6 7.d4 cxd4 8.Nxd4 a6
9.b3 Qc7 10.Bb2 Nc6 11.Rc1 Nxd4 12.Qxd4 Bd7 13.Rfd1 Rad8 14.Rd2 b6 15.Ba3 
Be8 16.Qf4 Qb8 17.Rcd1 e5 18.Qf3 b5 19.cxb5 Bxb5 20.Qb7 Qxb7 21.Bxb7 Rb8 
22.Bg2 Rfc8 23.Nxb5 axb5 24.Bxd6 Bxd6 25.Rxd6 b4 26.Bb7 Re8 27.Bc6 Rec8 
28.f4 exf4 29.gxf4 Ne8 30.Bxe8 Rxe8 31.Kf2 g6 32.R6d4 Kg7 33.Rc1 Rb7 34.e4
Ra8 35.Rc2 Kf6 36.Ke3 Ra5 37.Rd5 Ra6 38.Rdc5 Kg7 39.Rc6 Ra5 40.R6c5 Ra6 
41.Kd4 Rd6+ 42.Kc4 Rd8 43.Rd5 Rc8+ 44.Kd3 Ra8 45.Rd4 Ra6 46.e5 Ra8 47.Ke4 
Ra6 48.Rd6 Ra5 49.Rd5 Ra6 50.Rg2 Kf8 51.Rd8+ Ke7 52.Rh8 Rba7 53.Rxh7 Rxa2 
54.Rxg6 1-0

[Event "Oakham Young Masters"]
[Site "Oakham"]
[Date "1988.04.01"]
[Round "5.19"]
[White "Patrat, Alexandre"]
[Black "Rechlis, Gad"]
[Result "0-1"]
[WhiteElo "2210"]
[BlackElo "2475"]
[EventDate "1988.03.28"]
[PlyCount "46"]
[Source "John Saunders"]

1.e4 c5 2.Nf3 Nc6 3.d4 cxd4 4.Nxd4 Nf6 5.Nc3 d6 6.Bg5 e6 7.Bc4 Be7 8.Qd2 
O-O 9.O-O-O Na5 10.Be2 a6 11.g4 b5 12.b4 e5 13.Nf5 Bxf5 14.gxf5 Nc6 15.
Rhg1 Rc8 16.Bh6 g6 17.fxg6 hxg6 18.Bd3 Nxb4 19.Kb2 Qa5 20.Bxf8 Bxf8 21.Rb1
Rxc3 22.Qxc3 Qxa2+ 23.Kc1 Bh6+ 0-1

[Event "Oakham Young Masters"]
[Site "Oakham"]
[Date "1988.04.01"]
[Round "5.20"]
[White "Canfell, Gregory"]
[Black "Bellini, Fabio"]
[Result "0-1"]
[WhiteElo "2200"]
[BlackElo "2300"]
[EventDate "1988.03.28"]
[PlyCount "114"]
[Source "John Saunders"]

1.e4 c5 2.Nf3 e6 3.d4 cxd4 4.Nxd4 Nf6 5.Nc3 d6 6.Be2 Nc6 7.O-O Be7 8.f4 
O-O 9.Kh1 Qc7 10.Be3 Bd7 11.Nb3 a6 12.a4 b6 13.Bf3 Bc8 14.e5 dxe5 15.fxe5 
Nd7 16.Qe2 Bb7 17.Bf4 Nc5 18.Nxc5 bxc5 19.Be4 Rfd8 20.Qg4 Rd4 21.Rae1 g6 
22.Re3 Bf8 23.Qh4 Bg7 24.Rh3 h5 25.Qg5 Ne7 26.Re3 Re8 27.Qg3 Bxe4 28.Rxe4 
Nf5 29.Qf3 Qc6 30.b3 Red8 31.Be3 R4d7 32.Qf2 Qc7 33.Bg5 Rc8 34.Bf4 Rd4 35.
Rfe1 Qd7 36.Qe2 Qc6 37.Bg5 Bf8 38.Qf2 Qd7 39.R4e2 c4 40.Ne4 Qc6 41.Ng3 
Nxg3+ 42.hxg3 Rg4 43.Bf6 cxb3 44.cxb3 Qd5 45.Qe3 Rd4 46.Rf1 Rd3 47.Qa7 
Rxg3 48.Kh2 Rxb3 49.Qf2 Rb7 50.Re3 Rcc7 51.Rh3 Rb3 52.Rh4 Rd3 53.Qf4 Rc2 
54.Qg5 Rdd2 55.Rg1 Bh6 56.Qg3 Rd3 57.Qe1 Be3 0-1

[Event "Oakham Young Masters"]
[Site "Oakham"]
[Date "1988.04.01"]
[Round "5.21"]
[White "Tozer, Richard"]
[Black "Girinath, Puligadda"]
[Result "0-1"]
[WhiteElo "2255"]
[BlackElo "2200"]
[EventDate "1988.03.28"]
[PlyCount "72"]
[Source "John Saunders"]

1.d4 Nf6 2.c4 g6 3.Nc3 Bg7 4.e4 d6 5.Nf3 O-O 6.Be2 e5 7.O-O Nc6 8.d5 Ne7 
9.b4 a5 10.bxa5 Rxa5 11.Nd2 Nd7 12.Nb3 Ra8 13.Be3 b6 14.a4 Nc5 15.a5 Nxb3 
16.Qxb3 bxa5 17.c5 c6 18.Bc4 cxd5 19.Bxd5 Nxd5 20.Nxd5 Be6 21.c6 f5 22.f3 
Rb8 23.Qc4 Rc8 24.c7 Qd7 25.Rfc1 Rf7 26.Rxa5 fxe4 27.fxe4 Bxd5 28.Qxd5 
Rxc7 29.Ra8+ Bf8 30.Rca1 Kg7 31.Qd2 Rc8 32.R1a7 Rxa8 33.Bh6+ Kg8 34.Rxa8 
Qc6 35.Qd5 Qb6+ 36.Kh1 Qb1+ 0-1

[Event "Oakham Young Masters"]
[Site "Oakham"]
[Date "1988.04.01"]
[Round "5.22"]
[White "Wians, Camille"]
[Black "Madl, Ildiko"]
[Result "0-1"]
[WhiteElo "2215"]
[BlackElo "2380"]
[EventDate "1988.03.28"]
[PlyCount "70"]
[Source "John Saunders"]

1.d4 Nf6 2.Nf3 c5 3.d5 d6 4.c4 e6 5.Nc3 exd5 6.cxd5 g6 7.Bf4 a6 8.a4 Bg7 
9.Nd2 Nh5 10.Bg3 Qe7 11.e3 Nd7 12.Be2 Nxg3 13.hxg3 Rb8 14.a5 b5 15.axb6 
Rxb6 16.Qc2 O-O 17.Nc4 Rb4 18.O-O Nb6 19.Na5 Qe8 20.Nc6 Rxb2 21.Qxb2 Nxd5 
22.Qc2 Nxc3 23.Bf3 Bf5 24.Qb3 Bd3 25.Rfe1 Bb5 26.Na7 Qd7 27.Nxb5 axb5 28.
Ra6 d5 29.Rea1 b4 30.R1a5 Rc8 31.Ra8 Rxa8 32.Rxa8+ Bf8 33.Qc2 Qb7 34.Rd8 
b3 35.Qb2 c4 0-1

[Event "Oakham Young Masters"]
[Site "Oakham"]
[Date "1988.04.01"]
[Round "5.23"]
[White "Buckley, Graeme"]
[Black "Quillan, Gary"]
[Result "0-1"]
[WhiteElo "2200"]
[BlackElo "2275"]
[EventDate "1988.03.28"]
[PlyCount "88"]
[Source "John Saunders"]

1.d4 Nf6 2.c4 c5 3.d5 e6 4.Nc3 exd5 5.cxd5 d6 6.e4 g6 7.f4 Bg7 8.Nf3 O-O 
9.Be2 Bg4 10.O-O Nbd7 11.Nd2 Bxe2 12.Qxe2 Re8 13.Qf3 a6 14.a4 b6 15.Ra3 
Rb8 16.Qe2 c4 17.Qxc4 b5 18.axb5 axb5 19.Nxb5 Qb6+ 20.Nd4 Nxe4 21.Nf3 Rbc8
22.Qa4 Rxc1 23.Rxc1 Qxb2 24.Rca1 Rc8 25.Qd1 Nf2 26.Qf1 Ng4 27.Rd3 Nc5 28.
Rc1 Ra8 29.Rdc3 Ra4 30.Qd1 Bxd4+ 31.Nxd4 Qf2+ 32.Kh1 Qxd4 33.Qxd4 Rxd4 34.
h3 Nf2+ 35.Kg1 Nfe4 36.Ra3 Rxd5 37.Ra7 Rf5 38.Rf1 Ne6 39.Ra4 N4c5 40.Rb4 
Rd5 41.Ra1 Rd2 42.g4 Nd4 43.Ra5 Kg7 44.Rb8 Nd3 0-1

[Event "Oakham Young Masters"]
[Site "Oakham"]
[Date "1988.04.01"]
[Round "5.25"]
[White "Hepworth, Mandy"]
[Black "Szmigielska, Anna"]
[Result "0-1"]
[WhiteElo "2125"]
[BlackElo "2110"]
[EventDate "1988.03.28"]
[PlyCount "162"]
[Source "John Saunders"]

1.e4 e5 2.Nf3 Nc6 3.Bb5 a6 4.Ba4 Nf6 5.O-O Be7 6.Re1 b5 7.Bb3 d6 8.c3 O-O 
9.h3 Nb8 10.d4 Nbd7 11.Nbd2 Bb7 12.Bc2 Re8 13.Nf1 Bf8 14.Ng3 g6 15.Bg5 h6 
16.Bd2 Bg7 17.a4 c5 18.d5 c4 19.Be3 Qc7 20.Nh2 h5 21.Qd2 Nc5 22.Bg5 Nfd7 
23.axb5 axb5 24.Nf3 Nb6 25.Bh6 Nba4 26.Bxg7 Kxg7 27.Qg5 Kh7 28.Qh4 Qe7 29.
Qxe7 Rxe7 30.Rab1 Bc8 31.Re3 Rea7 32.b4 cxb3 33.Bxb3 Nb6 34.Ree1 Bd7 35.
Nd2 Ra3 36.Ngf1 Rc8 37.Ne3 Nd3 38.Nc2 Ra7 39.Re3 Rxc3 40.Nb4 Rc1+ 41.Rxc1 
Nxc1 42.Bc2 Na2 43.Nc6 Bxc6 44.dxc6 Nb4 45.Bd3 Ra1+ 46.Nf1 Nxc6 47.Bxb5 
Nd4 48.Bd3 Na4 49.g3 Nb2 50.Kg2 Rd1 51.Be2 Re1 52.Ba6 Rc1 53.Ra3 Nd1 54.
Ne3 Nxe3+ 55.Rxe3 Nc2 56.Rb3 Kh6 57.Kh2 Nd4 58.Rb6 Rc6 59.Rxc6 Nxc6 60.Bc4
f5 61.f3 g5 62.exf5 Nd4 63.f6 Nxf3+ 64.Kg2 Nd4 65.h4 gxh4 66.gxh4 Kg6 67.
f7 Kg7 68.Kh3 Nf5 69.Be2 Kxf7 70.Bxh5+ Kf6 71.Be2 Nh6 72.Bd3 d5 73.Kg3 Ke6
74.Kf3 Nf5 75.Kg4 e4 76.Ba6 Ke5 77.h5 d4 78.Kg5 d3 79.h6 Nxh6 80.Kxh6 Kd4 
81.Kg5 e3 0-1

[Event "Oakham Young Masters"]
[Site "Oakham"]
[Date "1988.04.01"]
[Round "5.26"]
[White "Buecker, Karsten"]
[Black "Trabert, Bettina"]
[Result "0-1"]
[WhiteElo "2200"]
[BlackElo "2230"]
[EventDate "1988.03.28"]
[PlyCount "72"]
[Source "John Saunders"]

1.d4 d5 2.c4 c6 3.e3 Nf6 4.Nc3 e6 5.Nf3 Nbd7 6.Be2 dxc4 7.Bxc4 b5 8.Bd3 a6
9.a3 c5 10.O-O Be7 11.Bd2 Bb7 12.Rc1 O-O 13.Re1 Qb6 14.dxc5 Nxc5 15.Bb1 
Rfd8 16.b4 Nd3 17.Bxd3 Rxd3 18.Ne5 Rd6 19.e4 Qd8 20.Re2 Nd7 21.Nxd7 Qxd7 
22.Qe1 Rd8 23.Bf4 Rd3 24.Rcc2 a5 25.Red2 Rxd2 26.Rxd2 Qc6 27.Rxd8+ Bxd8 
28.f3 f6 29.Qd2 Be7 30.Na2 Kf7 31.Kf2 Qc4 32.Qc3 Qxa2+ 33.Kg3 Qc4 34.Qxc4 
bxc4 35.bxa5 Bxa3 36.Bd2 Bb2 0-1

[Event "Oakham Young Masters"]
[Site "Oakham"]
[Date "1988.04.02"]
[Round "6.1"]
[White "Sokolov, Ivan"]
[Black "Blatny, Pavel"]
[Result "0-1"]
[WhiteElo "2545"]
[BlackElo "2440"]
[EventDate "1988.03.28"]
[PlyCount "79"]
[Source "John Saunders"]

1.d4 Nf6 2.c4 e6 3.Nc3 d5 4.Nf3 dxc4 5.Bg5 Bb4 6.e3 b5 7.a4 c6 8.Be2 Nbd7 
9.O-O Bxc3 10.bxc3 a6 11.Ne5 Bb7 12.f4 Qc7 13.Bf3 Nd5 14.Qe1 f6 15.Nxd7 
Qxd7 16.e4 Nb4 17.Bh5+ g6 18.Bxf6 Rf8 19.Qh4 Qf7 20.Bg5 gxh5 21.cxb4 Kd7 
22.f5 exf5 23.Rxf5 Qg7 24.Bf6 Qg4 25.Qf2 Rae8 26.e5 Rg8 27.Rf4 Qe6 28.d5 
Qxd5 29.Ra2 c3 30.Qd4 c5 31.bxc5 b4 32.Re2 a5 33.e6+ Kc8 34.Qxd5 Bxd5 35.
e7 Bc6 36.g3 Rg4 37.Rf5 Rc4 38.Bg5 b3 39.Re6 Kb7 40.Rf8 {time} 0-1

[Event "Oakham Young Masters"]
[Site "Oakham"]
[Date "1988.04.02"]
[Round "6.2"]
[White "Howell, James"]
[Black "Navrotescu, Catalin"]
[Result "1-0"]
[WhiteElo "2380"]
[BlackElo "2280"]
[EventDate "1988.03.28"]
[PlyCount "57"]
[Source "John Saunders"]

1.e4 e6 2.d4 d5 3.Nd2 Nf6 4.Bd3 c5 5.c3 Nc6 6.Ngf3 Be7 7.O-O cxd4 8.e5 Nd7
9.cxd4 Qb6 10.Nb3 a5 11.a4 h6 12.Be3 O-O 13.Rc1 f5 14.exf6 Bxf6 15.Bb1 Re8
16.Ne5 Bxe5 17.dxe5 Qd8 18.f4 Nf8 19.Bc5 Bd7 20.Bxf8 Rxf8 21.Nc5 Nb4 22.
Qg4 Rf7 23.Qg6 Rc8 24.Qh7+ Kf8 25.Nxd7+ Ke7 26.Rxc8 Qxc8 27.Bg6 Qxd7 28.
Bxf7 Kxf7 29.f5 1-0

[Event "Oakham Young Masters"]
[Site "Oakham"]
[Date "1988.04.02"]
[Round "6.3"]
[White "Horvath, Csaba"]
[Black "Garcia Palermo, Carlos Horacio"]
[Result "1/2-1/2"]
[WhiteElo "2445"]
[BlackElo "2505"]
[EventDate "1988.03.28"]
[PlyCount "59"]
[Source "John Saunders"]

1.d4 Nf6 2.c4 e6 3.Nf3 c5 4.d5 exd5 5.cxd5 d6 6.Nc3 g6 7.Bg5 Bg7 8.Nd2 h6 
9.Bh4 Qe7 10.e4 Nbd7 11.Be2 g5 12.Bg3 Ne5 13.O-O Bd7 14.a4 h5 15.Bxe5 Qxe5
16.Nf3 Qe7 17.e5 dxe5 18.Nxg5 e4 19.Re1 O-O 20.Bd3 Ng4 21.Ngxe4 Qh4 22.h3 
f5 23.hxg4 fxe4 24.g3 Qxg4 25.Qxg4 Bxg4 26.Bxe4 Bd4 27.Rf1 Rae8 28.Bg2 Be2
29.Nxe2 Rxe2 30.d6 1/2-1/2

[Event "Oakham Young Masters"]
[Site "Oakham"]
[Date "1988.04.02"]
[Round "6.5"]
[White "Stratil, Ladislav jr"]
[Black "Brunner, Lucas"]
[Result "0-1"]
[WhiteElo "2430"]
[BlackElo "2415"]
[EventDate "1988.03.28"]
[PlyCount "78"]
[Source "John Saunders"]

1.Nf3 Nf6 2.g3 d5 3.Bg2 Bf5 4.d3 e6 5.O-O c6 6.Nbd2 h6 7.b3 Be7 8.Bb2 O-O 
9.c4 Nbd7 10.Qc2 Bh7 11.a3 a5 12.Bc3 Bd6 13.Rfe1 Qe7 14.Bb2 e5 15.e4 dxe4 
16.dxe4 Bc5 17.Re2 Rfe8 18.Nh4 Qd8 19.Nf5 Qb6 20.Rb1 Rad8 21.Nf1 Bxf5 22.
exf5 Bd4 23.b4 axb4 24.axb4 Qc7 25.Rbe1 c5 26.Bxd4 exd4 27.Rxe8+ Rxe8 28.
Rxe8+ Nxe8 29.b5 Nd6 30.Qe2 Kf8 31.Be4 Nb6 32.Nd2 Qe7 33.f3 Nxf5 34.Kf2 
Ne3 35.Bd3 Na4 36.Nf1 Nc3 37.Qd2 Qe6 38.Kg1 Nxc4 39.Qf4 Ne5 0-1

[Event "Oakham Young Masters"]
[Site "Oakham"]
[Date "1988.04.02"]
[Round "6.6"]
[White "Sadler, Matthew"]
[Black "Janjgava, Lasha"]
[Result "0-1"]
[WhiteElo "2385"]
[BlackElo "2425"]
[EventDate "1988.03.28"]
[PlyCount "82"]
[Source "John Saunders"]

1.d4 Nf6 2.c4 e6 3.Nf3 d5 4.Nc3 Bb4 5.cxd5 exd5 6.Qa4+ Nc6 7.a3 Bxc3+ 8.
bxc3 Ne4 9.Bb2 O-O 10.e3 Nd6 11.Bd3 Ne7 12.O-O Bf5 13.Be2 a5 14.Nd2 b5 15.
Qd1 a4 16.f3 Qd7 17.Qe1 Rae8 18.Qf2 Bg6 19.Rae1 Nec8 20.c4 bxc4 21.Bc3 Qe6
22.Bd1 Bd3 23.Bxa4 Rd8 24.e4 Bxf1 25.Kxf1 Nb6 26.Bc2 f6 27.Bb4 Rfe8 28.a4 
Rb8 29.Qh4 h6 30.Bc3 Nd7 31.Qh5 Qf7 32.Qh3 dxe4 33.Nxe4 Nb6 34.Nxd6 cxd6 
35.Qf5 Rxe1+ 36.Bxe1 Nd5 37.Qh7+ Kf8 38.Be4 Ne7 39.Bg3 Rd8 40.Bb7 Ng6 41.
Ba6 Ke7 0-1

[Event "Oakham Young Masters"]
[Site "Oakham"]
[Date "1988.04.02"]
[Round "6.7"]
[White "Agnos, Demetrios"]
[Black "Norwood, David Robert"]
[Result "1/2-1/2"]
[WhiteElo "2340"]
[BlackElo "2460"]
[EventDate "1988.03.28"]
[PlyCount "73"]
[Source "John Saunders"]

1.e4 g6 2.d4 Bg7 3.Nc3 d6 4.Be3 c6 5.Qd2 b5 6.a4 b4 7.Nd1 a5 8.c3 Qb6 9.
Bd3 Ba6 10.Bxa6 Nxa6 11.Ne2 Nf6 12.f3 O-O 13.Bh6 e5 14.Bxg7 Kxg7 15.Ne3 
Ng8 16.Ng3 Kh8 17.O-O Rad8 18.Nc4 Qc7 19.f4 f6 20.fxe5 dxe5 21.Qf2 bxc3 
22.bxc3 exd4 23.cxd4 Nb4 24.Rad1 Qf7 25.Nxa5 Ra8 26.Qd2 Rxa5 27.Qxb4 Rfa8 
28.Ra1 Qa7 29.Rfd1 Rxa4 30.Rxa4 Qxa4 31.Qxa4 Rxa4 32.d5 cxd5 33.exd5 f5 
34.d6 Ra8 35.Ne2 Nf6 36.Nd4 Ra6 37.Nxf5 1/2-1/2

[Event "Oakham Young Masters"]
[Site "Oakham"]
[Date "1988.04.02"]
[Round "6.8"]
[White "Serper, Grigory"]
[Black "Adams, Michael"]
[Result "1/2-1/2"]
[WhiteElo "2450"]
[BlackElo "2430"]
[EventDate "1988.03.28"]
[PlyCount "66"]
[Source "John Saunders"]

1.e4 c6 2.d4 d5 3.Nd2 dxe4 4.Nxe4 Nd7 5.Ne2 Ngf6 6.N2g3 g6 7.Bc4 Bg7 8.c3 
O-O 9.O-O Qc7 10.Re1 b6 11.Nxf6+ Nxf6 12.Qf3 Bb7 13.Bf4 Qd7 14.Qe2 e6 15.
Rad1 Rfd8 16.Be5 c5 17.Ba6 Qc6 18.Bxb7 Qxb7 19.dxc5 bxc5 20.c4 h5 21.h3 a5
22.Qe3 Qc6 23.Qc3 Rxd1 24.Rxd1 Ne8 25.Bxg7 Nxg7 26.Qe5 Qa4 27.Rc1 Qxa2 28.
Ne4 Ne8 29.Nxc5 a4 30.Ne4 Qb3 31.c5 Qb5 32.Rd1 Qc6 33.Nd6 Rd8 1/2-1/2

[Event "Oakham Young Masters"]
[Site "Oakham"]
[Date "1988.04.02"]
[Round "6.9"]
[White "Schlosser, Michael"]
[Black "Conquest, Stuart"]
[Result "0-1"]
[WhiteElo "2330"]
[BlackElo "2445"]
[EventDate "1988.03.28"]
[PlyCount "80"]
[Source "John Saunders"]

1.e4 c6 2.d4 d5 3.Nd2 dxe4 4.Nxe4 Nd7 5.Nf3 Ngf6 6.Nxf6+ Nxf6 7.Bc4 e6 8.
Bg5 Qb6 9.O-O Qxb2 10.Rb1 Qa3 11.Bxf6 gxf6 12.Re1 Be7 13.Qe2 Qd6 14.a4 b6 
15.c3 Rg8 16.Nd2 Qf4 17.d5 cxd5 18.Bxd5 Rb8 19.Bc6+ Kf8 20.Ne4 Qc7 21.Bb5 
Bb7 22.Rbd1 Rd8 23.Rxd8+ Qxd8 24.Rd1 Qa8 25.f3 f5 26.Nd2 Bd6 27.Kh1 Qb8 
28.h3 Bf4 29.Nc4 Kg7 30.Rd7 Bc8 31.Rd1 Qc7 32.Nb2 Qxc3 33.Nd3 Bb8 34.Rc1 
Qd4 35.Qd2 Bb7 36.Rc4 Qd6 37.Qg5+ Kf8 38.Qh6+ Rg7 39.Nf4 a6 40.Bc6 Bxc6 
0-1

[Event "Oakham Young Masters"]
[Site "Oakham"]
[Date "1988.04.02"]
[Round "6.10"]
[White "Gdanski, Jacek"]
[Black "Thomas, Ian"]
[Result "0-1"]
[WhiteElo "2355"]
[BlackElo "2315"]
[EventDate "1988.03.28"]
[PlyCount "78"]
[Source "John Saunders"]

1.e4 e5 2.Nf3 Nc6 3.Bb5 a6 4.Bxc6 dxc6 5.O-O Qd6 6.d3 f6 7.Be3 c5 8.Nbd2 
Be6 9.Qe2 Ne7 10.Nc4 Qc6 11.Nfd2 b5 12.Na5 Qb6 13.Nab3 Nc6 14.a4 Rd8 15.a5
Qa7 16.c3 Be7 17.Rfd1 O-O 18.f3 Rd7 19.Qf2 Nd4 20.Bxd4 cxd4 21.Rac1 c5 22.
c4 Rb8 23.Rc2 bxc4 24.dxc4 Rdb7 25.Nc1 Rxb2 26.Rxb2 Rxb2 27.Nd3 Ra2 28.Qe1
Rxa5 29.Ra1 Bd8 30.Kf2 Qc7 31.Ke2 Qf7 32.Nb2 Qg6 33.Kf1 Qf7 34.Ke2 Qh5 35.
h3 Qg5 36.Nf1 Qxg2+ 37.Kd3 Qxf3+ 38.Kc2 Rxa1 39.Qxa1 Qxe4+ 0-1

[Event "Oakham Young Masters"]
[Site "Oakham"]
[Date "1988.04.02"]
[Round "6.11"]
[White "Stefansson, Hannes Hlifar"]
[Black "Arnason, Jon"]
[Result "0-1"]
[WhiteElo "2395"]
[BlackElo "2510"]
[EventDate "1988.03.28"]
[PlyCount "108"]
[Source "John Saunders"]

1.e4 c5 2.Nf3 d6 3.d4 cxd4 4.Nxd4 Nf6 5.Nc3 a6 6.a4 Nc6 7.Bc4 e6 8.O-O Be7
9.Be3 O-O 10.Kh1 Qc7 11.f4 d5 12.exd5 Nb4 13.Bb3 exd5 14.Qf3 Bg4 15.Qg3 
Rfe8 16.Nd1 Bd6 17.Nf2 Bd7 18.c3 Nc6 19.Bc2 Nxd4 20.Bxd4 Bxf4 21.Qh4 Be5 
22.Bxe5 Qxe5 23.Nd3 Qh5 24.Qxh5 Nxh5 25.Nb4 Nf6 26.Rad1 Re2 27.Bb3 Rxb2 
28.Nxd5 Bc6 29.Ne7+ Kf8 30.Nxc6 Rxb3 31.Ne5 Rc8 32.Nd7+ Nxd7 33.Rxd7 f6 
34.h3 Rcxc3 35.Re1 Re3 36.Rxe3 Rxe3 37.Rxb7 Re4 38.g4 Rxa4 39.Kg2 a5 40.
Ra7 Ra1 41.h4 a4 42.h5 a3 43.Ra8+ Ke7 44.Ra7+ Kd6 45.Rxg7 Rb1 46.Ra7 Rb2+ 
47.Kf3 a2 48.Kf4 Rf2+ 49.Kg3 Rc2 50.Kf4 Rf2+ 51.Kg3 Rc2 52.Kf4 Kc5 53.g5 
fxg5+ 54.Kxg5 Kb5 0-1

[Event "Oakham Young Masters"]
[Site "Oakham"]
[Date "1988.04.02"]
[Round "6.12"]
[White "Rechlis, Gad"]
[Black "Bruk, Ofer"]
[Result "1-0"]
[WhiteElo "2475"]
[BlackElo "2340"]
[EventDate "1988.03.28"]
[PlyCount "109"]
[Source "John Saunders"]

1.e4 e5 2.Nf3 Nf6 3.d4 Nxe4 4.Bd3 d5 5.Nxe5 Be7 6.O-O O-O 7.c4 Nf6 8.Nc3 
c6 9.Re1 Be6 10.cxd5 cxd5 11.Bg5 Nc6 12.Rc1 Rc8 13.Bb1 Re8 14.Qd3 Nb4 15.
Qf3 Nc6 16.Rcd1 Qa5 17.a3 Nd7 18.Bxh7+ Kxh7 19.Nxf7 Bxf7 20.Qxf7 Qd8 21.
Qf5+ Kh8 22.Bxe7 Nxe7 23.Qh5+ Kg8 24.Nxd5 Nf8 25.Nf4 Qd6 26.g3 Neg6 27.Ng2
Rxe1+ 28.Nxe1 Re8 29.Nf3 Re2 30.Qb5 Re7 31.h4 Ne6 32.Qb3 Rf7 33.h5 Ne7 34.
Qxb7 Nc6 35.Qb3 Ncxd4 36.Nxd4 Nxd4 37.Qd3 Rd7 38.Qc4+ Kh7 39.Kg2 Qf6 40.
Qd3+ Kh6 41.Qe4 Rd6 42.b4 Nf5 43.Qf4+ Kh7 44.Rxd6 Nxd6 45.Qxf6 gxf6 46.a4 
Kh6 47.g4 f5 48.f3 a6 49.Kf2 fxg4 50.fxg4 Ne4+ 51.Kf3 Nc3 52.a5 Nd5 53.b5 
axb5 54.a6 Nb6 55.a7 1-0

[Event "Oakham Young Masters"]
[Site "Oakham"]
[Date "1988.04.02"]
[Round "6.13"]
[White "Flear, Glenn Curtis"]
[Black "Matveeva, Svetlana"]
[Result "0-1"]
[WhiteElo "2460"]
[BlackElo "2310"]
[EventDate "1988.03.28"]
[PlyCount "73"]
[Source "John Saunders"]

1.d4 Nf6 2.c4 g6 3.Nc3 Bg7 4.e4 d6 5.Be2 O-O 6.Nf3 e5 7.O-O exd4 8.Nxd4 
Re8 9.f3 c6 10.Kh1 Nbd7 11.Bf4 Nh5 12.Bxd6 Qf6 13.Nc2 Nf4 14.Bxf4 Qxf4 15.
g3 Qh6 16.Qc1 Qxc1 17.Raxc1 f5 18.Rce1 Nc5 19.Nd1 a5 20.Kg2 fxe4 21.fxe4 
Be6 22.b3 Nxe4 23.Nf2 Nd2 24.Rg1 a4 25.bxa4 Nxc4 26.Ne4 Bd5 27.Bxc4 Bxc4 
28.Nd6 Bd5+ 29.Kh3 Reb8 30.Nb4 Rxa4 31.Nxd5 cxd5 32.Rb1 Rxa2 33.Rxb7 Rxb7 
34.Nxb7 d4 35.Nc5 h5 36.Rd1 g5 37.Ne6 {time} 0-1

[Event "Oakham Young Masters"]
[Site "Oakham"]
[Date "1988.04.02"]
[Round "6.14"]
[White "Ward, Christopher"]
[Black "Schulte, Oliver"]
[Result "0-1"]
[WhiteElo "2310"]
[BlackElo "2440"]
[EventDate "1988.03.28"]
[PlyCount "80"]
[Source "John Saunders"]

1.d4 Nf6 2.c4 e6 3.Nc3 Bb4 4.g3 c5 5.Nf3 O-O 6.Bg2 cxd4 7.Nxd4 d5 8.O-O 
dxc4 9.Qa4 Na6 10.Ndb5 Nd5 11.Rd1 Bd7 12.Nxd5 exd5 13.Rxd5 Qe8 14.Bf4 Bc5 
15.Rxd7 Qxd7 16.Rd1 Qe7 17.Qxc4 Rad8 18.Rd5 Rxd5 19.Bxd5 Nb4 20.Nc3 Rc8 
21.Kg2 Nxd5 22.Nxd5 Qe6 23.Qd3 Rd8 24.e4 f5 25.f3 fxe4 26.fxe4 Re8 27.Kf3 
Bd6 28.Be3 Qh3 29.Nf6+ gxf6 30.Qxd6 Qf1+ 31.Kg4 f5+ 32.Kh4 Qc4 33.Qf6 
Qxe4+ 34.Bf4 Qe7 35.Kg5 Qxf6+ 36.Kxf6 Re2 37.Be5 Rxh2 38.g4 f4 39.Kf5 f3 
40.Bxh2 f2 0-1

[Event "Oakham Young Masters"]
[Site "Oakham"]
[Date "1988.04.02"]
[Round "6.15"]
[White "Bellini, Fabio"]
[Black "Thorhallsson, Throestur"]
[Result "0-1"]
[WhiteElo "2300"]
[BlackElo "2415"]
[EventDate "1988.03.28"]
[PlyCount "64"]
[Source "John Saunders"]

1.e4 d5 2.exd5 Nf6 3.d4 Nxd5 4.Nf3 g6 5.Be2 Bg7 6.O-O O-O 7.Re1 c5 8.dxc5 
Na6 9.Nbd2 Nxc5 10.Nb3 Na4 11.c4 Ndb6 12.Nbd4 e5 13.Nc2 Qc7 14.b3 Rd8 15.
Bd2 Nc3 16.Bxc3 Rxd1 17.Bxd1 e4 18.Bxg7 Kxg7 19.Rxe4 Bf5 20.Re3 Bxc2 21.
Bxc2 Nd5 22.Ree1 Nb4 23.Be4 f5 24.Bb1 Qd6 25.a3 Nc6 26.Ra2 Rd8 27.b4 Ne5 
28.Nd2 Qd4 29.c5 Qc3 30.Rc2 Qxa3 31.Nf1 Qxb4 32.Rce2 Nc6 0-1

[Event "Oakham Young Masters"]
[Site "Oakham"]
[Date "1988.04.02"]
[Round "6.16"]
[White "Girinath, Puligadda"]
[Black "Fogarasi, Tibor"]
[Result "0-1"]
[WhiteElo "2200"]
[BlackElo "2355"]
[EventDate "1988.03.28"]
[PlyCount "62"]
[Source "John Saunders"]

1.e4 c5 2.Nf3 e6 3.d4 cxd4 4.Nxd4 Nc6 5.Nb5 d6 6.c4 Nf6 7.N1c3 a6 8.Na3 
Be7 9.Be2 O-O 10.O-O b6 11.Be3 Ne5 12.Rc1 Bb7 13.f3 Ned7 14.Qd2 Qc7 15.
Rfd1 Rac8 16.Qe1 Rfe8 17.Qf2 Qb8 18.g4 g6 19.Bd4 d5 20.cxd5 exd5 21.exd5 
b5 22.Ba7 Qa8 23.d6 Bd8 24.g5 Nh5 25.Ne4 Rxc1 26.Rxc1 Nf4 27.Bf1 Ne5 28.
Nf6+ Bxf6 29.gxf6 Nxf3+ 30.Kh1 Ng5+ 31.Kg1 Ngh3+ 0-1

[Event "Oakham Young Masters"]
[Site "Oakham"]
[Date "1988.04.02"]
[Round "6.17"]
[White "Dunnington, Angus"]
[Black "Brenninkmeijer, Joris"]
[Result "0-1"]
[WhiteElo "2330"]
[BlackElo "2385"]
[EventDate "1988.03.28"]
[PlyCount "80"]
[Source "John Saunders"]

1.d4 Nf6 2.Nf3 e6 3.Bg5 c5 4.e3 d5 5.Nbd2 Nc6 6.c3 Be7 7.Bd3 b6 8.O-O Bb7 
9.Ne5 Nxe5 10.dxe5 Nd7 11.Bxe7 Qxe7 12.f4 O-O-O 13.a4 f6 14.exf6 gxf6 15.
Qe2 e5 16.a5 Rhe8 17.f5 e4 18.Bb5 Kc7 19.Nb1 Rg8 20.Na3 Ne5 21.Ba6 Kb8 22.
Bxb7 Qxb7 23.axb6 axb6 24.Nb5 Nd3 25.b4 Qd7 26.Na7 c4 27.Ra6 Kc7 28.Qa2 
Rb8 29.b5 Nc5 30.Ra3 Kd6 31.Nc6 Rb7 32.Qd2 Nd3 33.Nd4 Ra7 34.Rfa1 Rga8 35.
Qa2 Rxa3 36.Qxa3+ Rxa3 37.Rxa3 Nc5 38.Ra8 Nb3 39.Nc6 Kc5 40.Ra7 Qxf5 0-1

[Event "Oakham Young Masters"]
[Site "Oakham"]
[Date "1988.04.02"]
[Round "6.18"]
[White "Madl, Ildiko"]
[Black "McDonald, Neil R."]
[Result "0-1"]
[WhiteElo "2380"]
[BlackElo "2375"]
[EventDate "1988.03.28"]
[PlyCount "80"]
[Source "John Saunders"]

1.e4 e6 2.d4 d5 3.Nc3 Bb4 4.e5 c5 5.a3 Bxc3+ 6.bxc3 Ne7 7.Qg4 Qc7 8.Bd3 
cxd4 9.Ne2 dxc3 10.Qxg7 Rg8 11.Qxh7 Qxe5 12.Bf4 Qf6 13.Qh5 Nbc6 14.h4 Bd7 
15.Rb1 O-O-O 16.Rb3 e5 17.Bg5 Qe6 18.Bxe7 Qxe7 19.Bf5 d4 20.Ng3 Bxf5 21.
Qxf5+ Kb8 22.Qe4 Qe6 23.h5 d3 24.Rxc3 d2+ 25.Kd1 Qa2 26.Ke2 Rd4 27.Qh7 
Rgd8 28.Rd1 Rc4 29.Rd3 Nd4+ 30.Ke3 Nxc2+ 31.Ke2 Rxd3 32.Qxd3 Nd4+ 33.Ke3 
Rc1 34.Rxd2 Qe6 35.f3 Qb6 36.f4 Re1+ 37.Ne2 Nxe2+ 38.Kf3 Nd4+ 39.Kg4 Qe6+ 
40.Kg5 Qe7+ 0-1

[Event "Oakham Young Masters"]
[Site "Oakham"]
[Date "1988.04.02"]
[Round "6.19"]
[White "Quillan, Gary"]
[Black "Rossiter, Philip"]
[Result "1/2-1/2"]
[WhiteElo "2275"]
[BlackElo "2330"]
[EventDate "1988.03.28"]
[PlyCount "42"]
[Source "John Saunders"]

1.e4 c5 2.Nf3 e6 3.d3 d5 4.Nbd2 Nf6 5.g3 Nc6 6.Bg2 Be7 7.O-O b6 8.Re1 Ba6 
9.e5 Nd7 10.c4 Nf8 11.a3 Bb7 12.h4 Qc7 13.Nf1 O-O-O 14.Qa4 dxc4 15.dxc4 
Ng6 16.h5 Ngxe5 17.Nxe5 Nxe5 18.Rxe5 Bxg2 19.Kxg2 Qxe5 20.Qa6+ Kd7 21.Qb5+
Kc8 1/2-1/2